Größte Städte in Niederösterreich (mit Karte) - Statistiken

Allgemein
  • Dieses Quiz wurde 274 mal gespielt
    233 seit der letzten Aktualisierung
  • Das Durchschnittsergebnis liegt bei 25 aus 50
Antworten auf der Karte
Die Antworten werden auf der Karte rot bzw. grün angezeigt, abhängig davon wie oft sie richtig erraten wurden.
 
Antwortstatistiken
Einwohner Bezirk Gemeinde % Korrekt
55.878 St. Pölten St. Pölten
98%
46.478 Wiener Neustadt Wiener Neustadt
97%
23.561 Amstetten Amstetten
90%
25.818 Baden Baden
90%
24.841 Krems an der Donau Krems an der Donau
90%
27.595 Tulln Klosterneuburg
86%
16.378 Tulln Tulln an der Donau
86%
20.557 Mödling Mödling
85%
13.326 Korneuburg Korneuburg
80%
11.134 Waidhofen an der Ybbs Waidhofen an der Ybbs
79%
11.597 Mistelbach Mistelbach
73%
19.570 Bruck an der Leitha Schwechat
73%
10.723 Zwettl Zwettl
73%
8.162 Bruck an der Leitha Bruck an der Leitha
72%
6.409 Horn Horn
72%
11.837 Gänserndorf Gänserndorf
71%
11.941 Hollabrunn Hollabrunn
69%
12.621 Neunkirchen Neunkirchen
69%
16.796 Korneuburg Stockerau
66%
18.760 Baden Traiskirchen
61%
12.297 Baden Bad Vöslau
54%
14.646 Neunkirchen Ternitz
52%
11.739 Gänserndorf Groß-Enzersdorf
47%
14.978 Mödling Perchtoldsdorf
45%
9.320 Amstetten St. Valentin
45%
9.891 St. Pölten-Land Purkersdorf
44%
11.669 Korneuburg Gerasdorf bei Wien
42%
12.024 Mödling Brunn am Gebirge
41%
9.312 Mödling Wiener Neudorf
41%
6.978 Bruck an der Leitha Hainburg an der Donau
40%
7.373 Mödling Vösendorf
36%
11.094 Gänserndorf Strasshof an der Nordbahn
35%
9.016 Gänserndorf Deutsch-Wagram
34%
11.425 Baden Ebreichsdorf
33%
6.390 St. Pölten-Land Traismauer
32%
8.346 St. Pölten-Land Neulengbach
31%
7.763 St. Pölten-Land Pressbaum
31%
7.825 St. Pölten-Land Herzogenburg
30%
7.341 Mistelbach Wolkersdorf im Weinviertel
30%
9.152 Mödling Guntramsdorf
27%
8.661 Mödling Maria Enzersdorf
27%
7.573 Bruck an der Leitha Himberg
25%
7.468 Krems-Land Langenlois
25%
8.084 Korneuburg Langenzersdorf
22%
9.081 Baden Berndorf
21%
7.900 Tulln St. Andrä-Wördern
15%
6.581 St. Pölten-Land Wilhelmsburg
15%
7.320 Baden Kottingbrunn
14%
7.324 Baden Pottendorf
8%
7.641 Tulln Sieghartskirchen
8%
Keine übereinstimmenden Quizze gefunden
Verteilung der Resultate
Anzahl Personen mit jedem Resultat
Perzentil nach korrekt beantworteten Fragen
Ihre Resultats-Entwicklung
Sie haben dieses Quiz seit der letzten Aktualisierung nicht gespielt